000 nam a22 4500
999 _c9144
_d9144
008 180412b ||||| |||| 00| 0 eng d
245 _aPalawan tops regional list of poor cultural minorities.
260 _aPhilippines
_bManila Bulletin
_cc2016
300 _apage 9.
650 0 _927328
_aNative peoples.
942 _2ddc
_cPER